000
00334nam a2200145Ia 4500
005
20251222144626.0
008
251222s9999||||xx |||||||||||||| ||spa||
020
_a
8474322669
082
_a
809.911.3/L95
100
_a
Lyotard, Jean-Francois
245
0
_a
La Posmodernidad:
250
_a
5ta.ed.
264
_b
Gedisa
942
_c
LIB
999
_c
16109
_d
16109